000 00516cgm a22001811 4500
001 0000008949
005 20151217161726.0
007 vf cbahou
008 080624s xx--- vleng d
020 _cKES 950
040 _aKABU
_cKABU
245 0 0 _aRoad to redemption
_h[videorecording] :
260 _aNairobi :
_bWorld Wide Pictures,
_c2001.
300 _a1 videocassette (90 min.) :
_bsd., col ;
_c1/2 in.
538 _aVHS.
908 _a080624
999 _c15530
_d15530